Retrouvez ses rôles #5 - Gilles Lellouche - Statistiques

Statistiques générales
  • Ce quiz a été pris 18 fois
  • Le résultat moyen est 4 sur 10
Statistiques - réponses
Par images Réponse % Correct
Bac Nord
85%
La french
77%
Astérix et Obélix L'empire du milieu
69%
Le sens de la fête
54%
Les petits mouchoirs
54%
Je verrais toujours vos visages
38%
Goliath
31%
Jusqu'ici tout va bien
8%
Mesrine
8%
Soudains seuls
0%
Aucun quiz correspondant
Distribution des résultats
% des personnes avec chaque résultat
Percentile par nombre de réponses
Votre historique - résultats
Vous n’avez pas pris ce quiz